000 00278nam a22001097a 4500
008 170113b xxu||||| |||| 00| 0 eng d
020 _a9781451146677
041 _aeng
080 _213TH
_a618.2
245 _aTEXTBOOK OF MEDICAL- SURGICAL NURSING
_cPERRECONE, M.R
942 _2udc
_cBK
999 _c2877
_d2877